000 00531nam a2200193Ia 4500
003 GCL
008 140319s9999 xx 000 0 aRus d
040 _aGCL /
_cGCL
082 0 4 _a863
_bB O
100 1 _aBORGES, JORGE LUIS
245 1 0 _aOBRAS COMPLETAS EN COLABOOACION: 1. CON A DOLFO BIOY CASARES /
_cBORGES, JORGE LUIS
260 _a[S.N] :
_bALIANZA EDITORIAL ،
_c1981
300 _a524 P
650 0 4 _aLITERATURE
650 0 4 _aFICTION
650 0 4 _aSPANISH LITERATURE
650 0 4 _aSPANISH FICTION
942 _2ddc
_cBK
999 _c12527
_d12527